Saaria muotojen mukaan #2 - Statistics

Yleistilastot
  • Tätä visaa on pelattu 276 kertaa
  • Keskiarvotulos 8 / 16
Vastaustilastot
Kuvavisa Vastaus % Oikein
Irlanti
96%
Madagaskar
81%
Taiwan
71%
Honshu
62%
Borneo
57%
Eteläsaari
51%
Hispaniola
49%
Korsika
49%
Sardinia
49%
Sumatra
47%
Tasmania
46%
Luzon
36%
Long Island
22%
Vancouver
18%
Oahu
13%
Prinssi Edwardin saari
9%
Ehtoja vastaavia visoja ei löytynyt
Tulosjakauma
Jokaisen tuloksen saaneiden osuus
Persentiili vastausten määrän mukaan
Tuloshistoriasi
Et ole pelannut tätä visaa